[Event "SVK-chT4 A21 1819"]
[Site "Slovakia"]
[Date "2018.12.16"]
[Round "5.4"]
[White "Celustkova, Lubica"]
[Black "Holan, Jaroslav"]
[Result "1-0"]
[WhiteElo "1691"]
[BlackElo "1460"]
[PlyCount "71"]
[EventDate "2018.10.14"]
[EventType "team-tourn"]
[EventRounds "11"]
[EventCountry "SVK"]
[SourceTitle "CBM 189 Extra"]
[Source "ChessBase"]
[SourceDate "2019.06.03"]
[SourceVersion "1"]
[SourceVersionDate "2019.06.03"]
[SourceQuality "1"]
[WhiteTeam "Senica CVC II"]
[BlackTeam "Vrbove II"]
[WhiteTeamCountry "SVK"]
[BlackTeamCountry "SVK"]

1. e4 Nc6 2. Nf3 e5 3. Bb5 d6 4. d4 Bd7 5. c3 Nf6 6. Nbd2 a6 7. Ba4 b5 8. Bb3 Bg4 9. d5 Ne7 10. Bc2 Ng6 11. h3 Bd7 12. Nf1 h6 13. Ng3 c6 14. 0-0 cxd5 15. exd5 Nf4 16. Bxf4 exf4 17. Re1+ Be7 18. Ne4 Nxe4 19. Rxe4 0-0 20. Rxf4 Bg5 21. Qd3 f5 22. Nxg5 Qxg5 23. Qf3 Rf7 24. Re1 Raf8 25. h4 Qf6 26. Qd3 g6 27. a4 g5 28. hxg5 hxg5 29. Rd4 g4 30. Rf4 Qh4 31. Qg3 Qh5 32. f3 Rg7 33. fxg4 Rxg4 34. Rxg4+ fxg4 35. Qxd6 Qf5 36. Bxf5 1-0

[Event "SVK-chT3A2 1718"]
[Site "Slovakia"]
[Date "2018.02.18"]
[Round "9.6"]
[White "Mraz, Jan"]
[Black "Celustkova, Lubica"]
[Result "0-1"]
[WhiteElo "1537"]
[BlackElo "1710"]
[PlyCount "54"]
[EventDate "2017.10.08"]
[EventType "team-tourn"]
[EventRounds "11"]
[EventCountry "SVK"]
[SourceTitle "EXT 2020"]
[Source "ChessBase"]
[SourceDate "2019.10.17"]
[SourceVersion "1"]
[SourceVersionDate "2019.10.17"]
[SourceQuality "1"]
[WhiteTeam "Gbely Nafta II"]
[BlackTeam "Senica CVC"]
[WhiteTeamCountry "SVK"]
[BlackTeamCountry "SVK"]

1. d4 f5 2. c4 Nf6 3. Nc3 g6 4. e3 Bg7 5. Nf3 d6 6. Bd3 0-0 7. 0-0 Qe8 8. Re1 e5 9. dxe5 dxe5 10. e4 f4 11. g3 fxg3 12. hxg3 Bg4 13. Be2 c6 14. Kg2 Na6 15. Rh1 Nc5 16. Ng5 Rd8 17. Qc2 Bxe2 18. Qxe2 Ne6 19. b3 Nd4 20. Qb2 h6 21. Nf3 Ng4 22. Nd2 Rxf2+ 23. Kg1 Qf8 24. Qa3 Rf1+ 25. Kg2 Qf2+ 26. Kh3 Rxh1+ 27. Kxg4 h5+ 0-1

[Event "SVK-chT4 A21 1617"]
[Site "Slovakia"]
[Date "2017.03.12"]
[Round "11.3"]
[White "Celustkova, Lubica"]
[Black "Vlk, Jaroslav"]
[Result "1-0"]
[WhiteElo "1706"]
[BlackElo "1481"]
[PlyCount "75"]
[EventDate "2016.10.09"]
[EventType "team-tourn"]
[EventRounds "11"]
[EventCountry "SVK"]
[SourceTitle "EXT 2020"]
[Source "ChessBase"]
[SourceDate "2019.10.17"]
[SourceVersion "1"]
[SourceVersionDate "2019.10.17"]
[SourceQuality "1"]
[WhiteTeam "Senica CVC II"]
[BlackTeam "Gbely Nafta III"]
[WhiteTeamCountry "SVK"]
[BlackTeamCountry "SVK"]

1. e4 e5 2. Nf3 Nc6 3. Bb5 d6 4. d4 f6 5. d5 a6 6. Be2 Nb8 7. 0-0 f5 8. exf5 Bxf5 9. Nc3 Nf6 10. Bg5 h6 11. Bxf6 gxf6 12. Nh4 Bh7 13. Bh5+ Kd7 14. Qg4+ f5 15. Nxf5 Qg5 16. Nxh6+ Qxg4 17. Bxg4+ Ke7 18. Nf5+ Kf6 19. Ne4+ Kg6 20. f4 Kf7 21. fxe5 dxe5 22. Ng5+ Kg6 23. h4 Bc5+ 24. Kh2 Nd7 25. Ng3 Nf8 26. Bh5+ Kg7 27. Rf7+ Kg8 28. Nxh7 Rxh7 29. Raf1 Bd6 30. Kh3 e4 31. Rxh7 Bxg3 32. Re7 Bd6 33. Rxe4 Nh7 34. Rg4+ Kh8 35. Rf7 Rf8 36. Rgg7 Rxf7 37. Rxf7 Kg8 38. g4 1-0

[Event "SVK-chT4 A21 1617"]
[Site "Slovakia"]
[Date "2016.10.09"]
[Round "1.3"]
[White "Celustkova, Lubica"]
[Black "Kubik, Peter"]
[Result "1/2-1/2"]
[WhiteElo "1697"]
[BlackElo "1828"]
[PlyCount "80"]
[EventDate "2016.10.09"]
[EventType "team-tourn"]
[EventRounds "11"]
[EventCountry "SVK"]
[SourceTitle "CBM 175 Extra"]
[Source "ChessBase"]
[SourceDate "2016.12.12"]
[SourceVersion "1"]
[SourceVersionDate "2016.12.12"]
[SourceQuality "1"]
[WhiteTeam "Senica CVC II"]
[BlackTeam "Senica II"]
[WhiteTeamCountry "SVK"]
[BlackTeamCountry "SVK"]

1. e4 d5 2. exd5 Qxd5 3. Nc3 Qa5 4. d4 Nf6 5. Bc4 Bg4 6. Be2 Bf5 7. Bf3 c6 8. Nge2 e6 9. 0-0 Nbd7 10. a3 Be7 11. Ng3 Bg6 12. Bf4 0-0 13. Nce4 Nxe4 14. Nxe4 Nf6 15. Qe2 Rad8 16. Rad1 Qf5 17. Nxf6+ Bxf6 18. Be5 Qxc2 19. Rd2 Qf5 20. Re1 Bxe5 21. dxe5 Rxd2 22. Qxd2 Qd3 23. Qb4 Qd7 24. Rd1 Qc7 25. Qc5 Rd8 26. Rxd8+ Qxd8 27. Qxa7 Qc8 28. Qc5 Qd7 29. Qa7 Kf8 30. Qe3 Qd3 31. Qe2 Qd4 32. Qd1 Qxd1+ 33. Bxd1 Be4 34. g3 Ke7 35. Kf1 Kd7 36. Ke2 c5 37. Kd2 Kc6 38. Kc3 b5 39. b4 f6 40. f3 Bd5 1/2-1/2

[Event "Liptovsky Mikulas CupT U20"]
[Site "Liptovsky Mikulas"]
[Date "2015.06.26"]
[Round "3.4"]
[White "Celustkova, Lubica"]
[Black "Janecek, Miroslav"]
[Result "1/2-1/2"]
[WhiteElo "1705"]
[BlackElo "1475"]
[PlyCount "47"]
[EventDate "2015.06.25"]
[EventType "team-swiss"]
[EventRounds "7"]
[EventCountry "SVK"]
[SourceTitle "CBM 167 Extra"]
[Source "ChessBase"]
[SourceDate "2015.09.14"]
[SourceVersion "1"]
[SourceVersionDate "2015.09.14"]
[SourceQuality "1"]
[WhiteTeam "Osuske (U18)"]
[BlackTeam "Opavsko (U18)"]
[WhiteTeamCountry "SVK"]
[BlackTeamCountry "CZE"]

1. e4 c5 2. Nf3 g6 3. d4 cxd4 4. Nxd4 Bg7 5. Bc4 Nc6 6. Be3 Nf6 7. Nc3 0-0 8. 0-0 d6 9. Bb3 Na5 10. Ba4 Bd7 11. Bxd7 Qxd7 12. Nd5 Nxe4 13. Qf3 Bxd4 14. Qxe4 Bxb2 15. Nxe7+ Kh8 16. Bd4+ Bxd4 17. Qxd4+ f6 18. Rfe1 Nc6 19. Nxc6 bxc6 20. Re2 Kg7 21. Rae1 Rf7 22. Re6 Rd8 23. g4 g5 24. f4 1/2-1/2

[Event "Liptovsky Mikulas CupT U20"]
[Site "Liptovsky Mikulas"]
[Date "2015.06.26"]
[Round "2.4"]
[White "Miklasova, Emma"]
[Black "Celustkova, Lubica"]
[Result "1/2-1/2"]
[WhiteElo "1641"]
[BlackElo "1705"]
[PlyCount "62"]
[EventDate "2015.06.25"]
[EventType "team-swiss"]
[EventRounds "7"]
[EventCountry "SVK"]
[SourceTitle "CBM 167 Extra"]
[Source "ChessBase"]
[SourceDate "2015.09.14"]
[SourceVersion "1"]
[SourceVersionDate "2015.09.14"]
[SourceQuality "1"]
[WhiteTeam "Liptov Chess School (U18)"]
[BlackTeam "Osuske (U18)"]
[WhiteTeamCountry "SVK"]
[BlackTeamCountry "SVK"]

1. e4 c5 2. Nf3 Nc6 3. d4 cxd4 4. Nxd4 g6 5. Nc3 Bg7 6. Nxc6 bxc6 7. Bc4 d6 8. 0-0 Nf6 9. Re1 Qc7 10. h3 0-0 11. Bf4 Nd7 12. Qd2 Nb6 13. Bb3 Rd8 14. Rad1 a5 15. a3 a4 16. Ba2 Ba6 17. Bh6 Bh8 18. Be3 c5 19. Rb1 Bc4 20. Nd5 Nxd5 21. Bxc4 Nxe3 22. Rxe3 Bf6 23. Rf3 Kg7 24. Qf4 Rf8 25. c3 Be5 26. Qd2 Rad8 27. Rd1 Bh2+ 28. Kh1 Be5 29. Kg1 Bh2+ 30. Kh1 Be5 31. Kg1 Bh2+ 1/2-1/2

[Event "Liptovsky Mikulas CupT U20"]
[Site "Liptovsky Mikulas"]
[Date "2015.06.25"]
[Round "1.4"]
[White "Celustkova, Lubica"]
[Black "Buco, Martin"]
[Result "1/2-1/2"]
[WhiteElo "1705"]
[BlackElo "1597"]
[PlyCount "66"]
[EventDate "2015.06.25"]
[EventType "team-swiss"]
[EventRounds "7"]
[EventCountry "SVK"]
[SourceTitle "CBM 167 Extra"]
[Source "ChessBase"]
[SourceDate "2015.09.14"]
[SourceVersion "1"]
[SourceVersionDate "2015.09.14"]
[SourceQuality "1"]
[WhiteTeam "Osuske (U18)"]
[BlackTeam "Povazie RSA (U18)"]
[WhiteTeamCountry "SVK"]
[BlackTeamCountry "SVK"]

1. e4 e5 2. Nf3 Nf6 3. Nxe5 d6 4. Nf3 Nxe4 5. Nc3 Nxc3 6. dxc3 Be7 7. Bf4 Nc6 8. Bc4 Be6 9. Qe2 Qd7 10. Nd4 Bxc4 11. Qxc4 d5 12. Qb5 Nxd4 13. Qxd7+ Kxd7 14. cxd4 Bf6 15. c3 Rhe8+ 16. Kd2 Re4 17. Be3 Rae8 18. Rae1 R4e6 19. Bf4 g5 20. Bg3 Bg7 21. Rxe6 Rxe6 22. b3 f5 23. f3 b5 24. Kd3 Ra6 25. Ra1 Rh6 26. Rh1 Ra6 27. Ra1 h5 28. Bf2 Bf6 29. a4 bxa4 30. bxa4 Rb6 31. Kc2 Re6 32. Kd3 Rb6 33. Kc2 Re6 1/2-1/2

[Event "SVK-ch U20 Girls"]
[Site "Tatralandia"]
[Date "2015.04.22"]
[Round "6"]
[White "Celustkova, Lubica"]
[Black "Liscinska, Lucia"]
[Result "1-0"]
[WhiteElo "1683"]
[BlackElo "1598"]
[PlyCount "57"]
[EventDate "2015.04.18"]
[EventType "swiss"]
[EventRounds "9"]
[EventCountry "SVK"]
[SourceTitle "CBM 166 Extra"]
[Source "ChessBase"]
[SourceDate "2015.06.18"]
[SourceVersion "1"]
[SourceVersionDate "2015.06.18"]
[SourceQuality "1"]

1. e4 e6 2. d4 d5 3. Nd2 Be7 4. c3 Nf6 5. e5 Nfd7 6. Bd3 c5 7. Ne2 Nc6 8. Nf3 a6 9. a3 b5 10. b4 c4 11. Bb1 0-0 12. Qc2 g6 13. h4 f5 14. exf6 Nxf6 15. h5 gxh5 16. Rxh5 Rf7 17. Rh3 Ne4 18. Ng3 e5 19. Nxe4 Bxh3 20. Neg5 Bxg5 21. Nxg5 Re7 22. Kf1 Bd7 23. Nxh7 Qc7 24. Qg6+ Kh8 25. Qf6+ Kg8 26. Qg6+ Kh8 27. Bg5 Rg7 28. Bf6 Rag8 29. Ng5 1-0

[Event "SVK-ch U20 Girls"]
[Site "Tatralandia"]
[Date "2015.04.19"]
[Round "2"]
[White "Celustkova, Lubica"]
[Black "Liscinska, Jana"]
[Result "1-0"]
[WhiteElo "1683"]
[BlackElo "1700"]
[PlyCount "51"]
[EventDate "2015.04.18"]
[EventType "swiss"]
[EventRounds "9"]
[EventCountry "SVK"]
[SourceTitle "CBM 166 Extra"]
[Source "ChessBase"]
[SourceDate "2015.06.18"]
[SourceVersion "1"]
[SourceVersionDate "2015.06.18"]
[SourceQuality "1"]

1. e4 c5 2. Nf3 a6 3. d4 cxd4 4. Nxd4 Nf6 5. Nc3 e5 6. Nb3 Bb4 7. Bd2 Nc6 8. Qf3 d6 9. h3 b5 10. a4 bxa4 11. Rxa4 Bb7 12. Bc4 0-0 13. 0-0 Qd7 14. Rfa1 a5 15. Nd5 Nxd5 16. Bxd5 Bxd2 17. Nxd2 Nd4 18. Qd3 Bxd5 19. exd5 Qc7 20. c3 f5 21. cxd4 e4 22. Qa3 Qe7 23. Nc4 Rf6 24. Rxa5 Rxa5 25. Qxa5 f4 26. Qa8+ 1-0

[Event "SVK-ch U20 Girls"]
[Site "Tatralandia"]
[Date "2015.04.18"]
[Round "1"]
[White "Rozsnyoova, Sophia"]
[Black "Celustkova, Lubica"]
[Result "0-1"]
[WhiteElo "1300"]
[BlackElo "1683"]
[PlyCount "98"]
[EventDate "2015.04.18"]
[EventType "swiss"]
[EventRounds "9"]
[EventCountry "SVK"]
[SourceTitle "CBM 166 Extra"]
[Source "ChessBase"]
[SourceDate "2015.06.18"]
[SourceVersion "1"]
[SourceVersionDate "2015.06.18"]
[SourceQuality "1"]

1. e4 c5 2. Nf3 Nc6 3. d4 cxd4 4. Nxd4 g6 5. Nc3 Bg7 6. Be3 Nf6 7. Bc4 Qa5 8. 0-0 0-0 9. Qd2 Qb4 10. Bb3 Ng4 11. Nde2 Nxe3 12. Qxe3 d6 13. Nd5 Qa5 14. c3 e6 15. Ndf4 Qc7 16. Rfd1 Na5 17. Nd3 Nxb3 18. axb3 a6 19. f4 b5 20. e5 Rd8 21. exd6 Rxd6 22. Qc5 Rc6 23. Qe3 Bb7 24. Ne5 Rd6 25. Rxd6 Qxd6 26. Qd4 Rd8 27. Rd1 Bf8 28. Qxd6 Bxd6 29. c4 Bc5+ 30. Nd4 Rxd4 31. Rxd4 Bxd4+ 32. Kf1 Bxe5 33. fxe5 bxc4 34. bxc4 Kf8 35. g4 g5 36. Ke2 Ke7 37. Ke3 Kd7 38. Kd4 Bf3 39. Kc5 Kc7 40. b4 Bxg4 41. b5 axb5 42. cxb5 Bf3 43. b6+ Kd7 44. Kb5 h5 45. Kc5 g4 46. Kd4 Kc6 47. Ke3 Kxb6 48. Kf4 h4 49. Ke3 Kc5 0-1

[Event "SVK-chT4A21 1415"]
[Site "Slovakia"]
[Date "2015.03.01"]
[Round "10.2"]
[White "Miciak, Emanuel"]
[Black "Celustkova, Lubica"]
[Result "0-1"]
[WhiteElo "1882"]
[BlackElo "1614"]
[PlyCount "96"]
[EventDate "2014.10.12"]
[EventType "team-tourn"]
[EventRounds "11"]
[EventCountry "SVK"]
[SourceTitle "EXT 2022"]
[Source "ChessBase"]
[SourceDate "2021.10.06"]
[SourceVersion "1"]
[SourceVersionDate "2021.10.06"]
[SourceQuality "1"]
[WhiteTeam "Vrbove III"]
[BlackTeam "Stefanov"]
[WhiteTeamCountry "SVK"]
[BlackTeamCountry "SVK"]

1. d4 Nf6 2. c4 g6 3. Nc3 Bg7 4. e4 d6 5. f3 Nbd7 6. Be3 c6 7. Bd3 e5 8. d5 Nb6 9. Nge2 Qc7 10. Rc1 a6 11. b3 c5 12. a3 Nbd7 13. 0-0 0-0 14. Qd2 Qd8 15. Na4 Ne8 16. b4 b6 17. Rb1 Rb8 18. Rb2 b5 19. cxb5 axb5 20. Nac3 c4 21. Bc2 Ba6 22. a4 Nc7 23. axb5 Nxb5 24. Nxb5 Bxb5 25. Nc3 Ba6 26. Ra1 Bc8 27. Na4 Qc7 28. Qc3 Ba6 29. Rba2 Bb5 30. Nb2 Rfc8 31. Bd1 f5 32. Ra7 Rb7 33. Be2 Nf6 34. Rxb7 Qxb7 35. Ra7 Qb8 36. Qc2 fxe4 37. fxe4 c3 38. Nd3 Bxd3 39. Bxd3 Ng4 40. Qc1 Nxe3 41. Qxe3 c2 42. Ra1 Qxb4 43. Rc1 Rc3 44. Kf1 Bh6 45. Qxh6 Rxd3 46. Rxc2 Rd1+ 47. Ke2 Qe1+ 48. Kf3 Rd3+ 0-1

[Event "SVK-chT4A21 1314"]
[Site "Slovakia"]
[Date "2014.01.12"]
[Round "6.2"]
[White "Vogl, Zdenek"]
[Black "Celustkova, Lubica"]
[Result "1/2-1/2"]
[WhiteElo "1899"]
[BlackElo "1618"]
[PlyCount "106"]
[EventDate "2013.10.06"]
[EventType "team-tourn"]
[EventRounds "11"]
[EventCountry "SVK"]
[SourceTitle "EXT 2022"]
[Source "ChessBase"]
[SourceDate "2021.10.06"]
[SourceVersion "1"]
[SourceVersionDate "2021.10.06"]
[SourceQuality "1"]
[WhiteTeam "Skalica II"]
[BlackTeam "Stefanov"]
[WhiteTeamCountry "SVK"]
[BlackTeamCountry "SVK"]

1. e4 e5 2. Nf3 Nc6 3. Bb5 a6 4. Ba4 Nf6 5. 0-0 Be7 6. Re1 b5 7. Bb3 d6 8. h3 0-0 9. c3 Na5 10. Bc2 c5 11. d4 Qc7 12. d5 Nc4 13. b3 Nb6 14. a4 bxa4 15. bxa4 a5 16. Na3 c4 17. Be3 Rb8 18. Rb1 Ba6 19. Nb5 Qd7 20. Nd2 Rfc8 21. Na3 Qd8 22. Qe2 Nfd7 23. Nb5 Rb7 24. Rb2 Nc5 25. Bxc5 Rxc5 26. Reb1 f5 27. Na3 Qb8 28. Naxc4 Nxc4 29. Rxb7 Bxb7 30. Nxc4 Qc7 31. Rb5 Ba6 32. Rxc5 Qxc5 33. Bd3 Bxc4 34. Bxc4 f4 35. Bb5 Qxc3 36. Qg4 Qc7 37. Qe6+ Kh8 38. Kh2 Qd8 39. Bd7 Qf8 40. Qg4 Qf6 41. Be6 Qf8 42. Bd7 Qf6 43. Qe2 Qf8 44. Bf5 Qe8 45. Qc4 Qd8 46. Kg1 Qb8 47. Qc6 Qd8 48. Kf1 Qb8 49. Bc8 Qb1+ 50. Ke2 Qxe4+ 51. Kf1 Qb1+ 52. Ke2 Qe4+ 53. Kf1 Qb1+ 1/2-1/2

[Event "Tatry op"]
[Site "Tatranske Zruby"]
[Date "2013.10.05"]
[Round "8"]
[White "Celustkova, Lubica"]
[Black "Pirhala, Ladislav"]
[Result "1/2-1/2"]
[WhiteElo "1618"]
[BlackElo "1500"]
[PlyCount "115"]
[EventDate "2013.09.29"]
[EventType "swiss"]
[EventRounds "9"]
[EventCountry "SVK"]
[SourceTitle "EXT 2023"]
[Source "ChessBase"]
[SourceDate "2022.10.05"]
[SourceVersion "1"]
[SourceVersionDate "2022.10.05"]
[SourceQuality "1"]

1. e4 c6 2. d4 d5 3. Bd3 dxe4 4. Bxe4 Nf6 5. Bf3 Bf5 6. Ne2 e6 7. 0-0 Bd6 8. Bf4 0-0 9. c4 Bxf4 10. Nxf4 Qc7 11. Ne2 Bg4 12. Ng3 Bxf3 13. Qxf3 Nbd7 14. Nc3 Nb6 15. b3 Rad8 16. Rad1 a6 17. Rfe1 Nbd7 18. d5 cxd5 19. cxd5 exd5 20. Nxd5 Nxd5 21. Rxd5 Nf6 22. Rdd1 b5 23. Rc1 Qb8 24. Re7 Rd7 25. Rxd7 Nxd7 26. Qc6 Qa7 27. Re1 Nf6 28. Nf5 Qa8 29. Qd6 Rd8 30. Nh6+ gxh6 31. Qxf6 Re8 32. Rd1 Qe4 33. h3 Qg6 34. Qc3 Qe6 35. Qg3+ Qg6 36. Rd3 Qxg3 37. Rxg3+ Kf8 38. Kf1 Re6 39. Rc3 Kg7 40. Rc2 Kg6 41. Re2 Rc6 42. f4 Rc1+ 43. Kf2 h5 44. Rd2 Rc6 45. Kg3 Rc3+ 46. Kh4 f6 47. Rf2 f5 48. Re2 Rc6 49. Kg3 h6 50. Kf2 h4 51. a4 bxa4 52. bxa4 Kf6 53. Rb2 h5 54. a5 Ke7 55. g3 hxg3+ 56. Kxg3 Rc5 57. Ra2 Kf7 58. Ra3 1/2-1/2

[Event "Tatry op"]
[Site "Tatranske Zruby"]
[Date "2013.09.29"]
[Round "1"]
[White "Celustkova, Lubica"]
[Black "Motuzova, Marta"]
[Result "0-1"]
[WhiteElo "1618"]
[BlackElo "1799"]
[PlyCount "68"]
[EventDate "2013.09.29"]
[EventType "swiss"]
[EventRounds "9"]
[EventCountry "SVK"]
[SourceTitle "EXT 2023"]
[Source "ChessBase"]
[SourceDate "2022.10.05"]
[SourceVersion "1"]
[SourceVersionDate "2022.10.05"]
[SourceQuality "1"]

1. e4 d5 2. exd5 Qxd5 3. Nc3 Qa5 4. d4 Nf6 5. Bc4 a6 6. Bb3 Bg4 7. Nge2 e6 8. 0-0 Bd6 9. Qd3 Nc6 10. Bf4 Bxf4 11. Nxf4 Qg5 12. Qe3 0-0-0 13. d5 exd5 14. Nfxd5 Qxe3 15. Nxe3 Be6 16. Bxe6+ fxe6 17. Rad1 Nb4 18. a3 Nbd5 19. Rd3 Nf4 20. Rxd8+ Rxd8 21. Rd1 N6d5 22. Ncxd5 Nxd5 23. Ng4 Nb6 24. Rxd8+ Kxd8 25. b3 Ke7 26. Ne5 Kd6 27. f4 Nd5 28. g3 Ne3 29. c3 b5 30. a4 bxa4 31. bxa4 h6 32. h3 Nd1 33. c4 Nb2 34. a5 Kc5 0-1

[Event "Liptovsky Mikulas CupT U20"]
[Site "Liptovsky Mikulas"]
[Date "2013.06.25"]
[Round "7"]
[White "Celustkova, Lubica"]
[Black "Kordela, Monika"]
[Result "1-0"]
[WhiteElo "1629"]
[BlackElo "1280"]
[PlyCount "135"]
[EventDate "2013.06.21"]
[EventType "team-tourn"]
[EventRounds "8"]
[EventCountry "SVK"]
[SourceTitle "EXT 2014"]
[Source "ChessBase"]
[SourceDate "2013.11.20"]
[SourceVersion "1"]
[SourceVersionDate "2013.11.20"]
[SourceQuality "1"]

1. e4 c5 2. Nf3 d6 3. d4 cxd4 4. Nxd4 g6 5. Nc3 Bg7 6. Be3 Nf6 7. f3 0-0 8. Qd2 Re8 9. h4 h5 10. 0-0-0 Nc6 11. Bc4 Bd7 12. Rdg1 Ne5 13. Be2 Rc8 14. Bh6 Bh8 15. Qg5 Qb6 16. Nb3 e6 17. g4 Kh7 18. Qd2 a6 19. gxh5 Nxh5 20. Be3 Qc7 21. Bd4 Nc4 22. Bxc4 Bxd4 23. Qxd4 Qxc4 24. Qxd6 Rcd8 25. Qb6 Rb8 26. Rd1 Qc6 27. Qxc6 Bxc6 28. Na5 Nf4 29. Nxc6 bxc6 30. Rd7 Kg8 31. Rc7 Rb6 32. Na4 Rb4 33. b3 a5 34. c3 Rb5 35. Rxc6 Rd8 36. Kc2 Rd3 37. Rf1 Kg7 38. Rc5 Rxc5 39. Nxc5 Rd8 40. Nb7 Ra8 41. Nc5 Kh6 42. Rd1 Ng2 43. Rd7 Kg7 44. Nxe6+ Kf6 45. Nc7 Rc8 46. Nd5+ Kg7 47. Rc7 Rd8 48. Rc5 Ra8 49. Nc7 Ra7 50. Nb5 Ra8 51. Nd4 Nxh4 52. b4 axb4 53. cxb4 Rxa2+ 54. Kb3 Ra7 55. b5 Rb7 56. Kc4 Ng2 57. Kb4 Nf4 58. Rc6 Nd3+ 59. Ka5 Ne5 60. Rc5 Nd7 61. Rc1 Kf6 62. Rc6+ Ke5 63. Nb3 Ra7+ 64. Kb4 g5 65. Nc5 Nb8 66. Rb6 Nd7 67. Ra6 Rxa6 68. Nxd7+ 1-0

[Event "Liptovsky Mikulas CupT U20"]
[Site "Liptovsky Mikulas"]
[Date "2013.06.22"]
[Round "3"]
[White "Petras, Marian"]
[Black "Celustkova, Lubica"]
[Result "1-0"]
[WhiteElo "1959"]
[BlackElo "1629"]
[PlyCount "43"]
[EventDate "2013.06.21"]
[EventType "team-tourn"]
[EventRounds "8"]
[EventCountry "SVK"]
[SourceTitle "EXT 2014"]
[Source "ChessBase"]
[SourceDate "2013.11.20"]
[SourceVersion "1"]
[SourceVersionDate "2013.11.20"]
[SourceQuality "1"]

1. e4 e5 2. Nc3 Nf6 3. f4 d6 4. Nf3 Nc6 5. Bb5 Bd7 6. d3 exf4 7. Bxf4 Be7 8. 0-0 0-0 9. Nd5 a6 10. Bxc6 Bxc6 11. Nxe7+ Qxe7 12. Bg5 Kh8 13. Qd2 Qe6 14. Nd4 Qe5 15. Nxc6 bxc6 16. Bxf6 gxf6 17. Rf5 Qd4+ 18. Kh1 Qxb2 19. Raf1 Qxa2 20. Rxf6 Rae8 21. Qc3 Kg8 22. Ra1 1-0